00571nam a22001937a 450000500170000001000130001702000260003003500130005603700160006904000120008508200130009710000170011024500800012726000260020727000520023330000250028565000170031065000500032720170124110115.0 aB-078096 c195.00a9788129101068 aB-078096 bCen Lib/Ret aDPLbEN a921bSIR aSircar, Rani aDancing round the maypole :cby Rani Sircarbgrowing out of British India / aNew DelhibRupac2003 a7/16, Ansari Road, DaryaganjbNew Delhie110002 aix,265p. c20cm(pbk) aSircar, Rani aAuthors, English -- 20th century -- Biography